Slovná zásoba ekonóma anglicko-slovenská, slovensko-anglická

Salvato in:
Dettagli Bibliografici
Natura: Libro
Lingua:slovacco
inglese
Pubblicazione: Bratislava EUROLITERA 2003
Soggetti:
Tags: Aggiungi Tag
Nessun Tag, puoi essere il primo ad aggiungerne!!

MARC

LEADER 00000nam a2200000 4500
001 c142569
005 20221108125251.0
020 |a 80-968520-6-X 
041 0 |a slo 
041 0 |a eng 
044 |a SK 
245 1 0 |a Slovná zásoba ekonóma  |b anglicko-slovenská, slovensko-anglická 
264 1 |a Bratislava  |b EUROLITERA  |c 2003 
300 |a 165 s. 
610 2 0 |a jazykoveda 
610 2 0 |a terminológia 
610 2 0 |a ekonómia 
610 2 0 |a pojmy 
610 2 0 |a jazyky cudzie 
610 2 0 |a veda ekonomická